Trade and Gender : Opportunities and Challenges for Developong Countries /

Enregistré dans:
Détails bibliographiques
Auteur principal: Tran-Nguyen, Anh-Nga (ed.)
Autres auteurs: Beviglia Zampetti, Americo (edición) (edición)
Format: Livre
Langue:anglais
Publié: Nueva York, EUA : ONU, 2004, c2004
Sujets:
Tags: Ajouter un tag
Pas de tags, Soyez le premier à ajouter un tag!

MARC

LEADER 00000nam^a2200000^a^4500
001 000174057
005 20250521000000.0
009 20260310101515.319
020 |a 92-1-112634-7 
037 |a Acervo ITESO - Biblioteca 
041 |a ING 
082 |a 305. 421  |b TRA 
100 |a Tran-Nguyen, Anh-Nga  |e (ed.) 
245 1 0 |a Trade and Gender :  |b Opportunities and Challenges for Developong Countries /  |c Ed. de A.N.Tran-Nguyen, A. Beviglia Zampetti. 
264 4 |a Nueva York, EUA :  |b ONU,  |c 2004, c2004 
300 |a XIII, 489 p. 
336 |a texto  |b txt  |2 rdacontenido 
337 |a sin mediación  |b n  |2 rdamedio 
338 |a volumen  |b nc  |2 rdasoporte 
649 |a XX 
650 |a Mujeres -  |x Condiciones Laborales 
650 |a Mujeres -  |x Condiciones Sociales y Culturales 
650 |a Industria del Vestido 
650 |a Industria Textil 
650 |a Relaciones Intergénero 
650 |a Igualdad y Desigualdad 
650 |a Derechos Humanos 
650 |a Género 
650 |a Redes Sociales 
650 |a Apertura Comercial e Integración Económica 
650 |a Globalización 
650 |a Comercio Internacional -  |x Aspectos Sociales y Culturales 
650 |a Desarrollo Económico-Social -  |z Países Subdesarrollados 
650 |a Sociología de la Economía 
700 |a Beviglia Zampetti, Americo  |e (edición) 
910 |a Fondo General 
920 |a Impresos - Libros 
930 |a Colección General 
905 |a 101 
901 |a 0500111945  |b IT1  |c ACC  |u 20250521 
902 |a https://opac.biblio.iteso.mx/vufind/Record/000174057